000 00553nam a2200181Ia 4500
003 GCL
008 140319s9999 xx 000 0 ara d
040 _aGCL /
_cGCL
082 0 4 _a657.45
_bام
100 1 _aاحمد انور
245 1 0 _aمراجعة الحسابات من الناحيتين النظرية والعلمية /
_cاحمد انور
260 _a[S.N] :
_bمؤسسة شباب الجامعة ،
_c1992
300 _a755 ص
490 _a
650 0 4 _aمراجعة الحسابات
650 0 4 _aالمحاسبة
942 _2ddc
_cBK
999 _c57683
_d57683